|
|
|
|
| LEADER |
00000nam0a2200000 4500 |
| 001 |
14326 |
| 005 |
20231030185626.0 |
| 010 |
|
|
|a 522200998X
|
| 035 |
|
|
|a (RuTPU)RU\TPU\book\14419
|
| 035 |
|
|
|a BOOK00014487
|
| 090 |
|
|
|a 14326
|
| 100 |
|
|
|a 20011209d2001 m y0rusy50 ca
|
| 101 |
0 |
|
|a rus
|
| 102 |
|
|
|a RU
|
| 105 |
|
|
|a y j 001zy
|
| 200 |
1 |
|
|a Электроника
|e учебное пособие
|f В. И. Лачин, Н. С. Савелов
|
| 210 |
|
|
|a Ростов-на-Дону
|c Феникс
|d 2001
|
| 215 |
|
|
|a 448 с.
|
| 225 |
1 |
|
|a Для студентов вузов
|
| 320 |
|
|
|a Библиогр.: с. 441.
|
| 451 |
|
1 |
|0 (RuTPU)RU\TPU\book\46713
|y 5-222-02718-X
|t Электроника
|o учебное пособие для вузов
|f В. И. Лачин, Н. С. Савёлов
|e 3-е изд., перераб. и доп.
|c Ростов-на-Дону
|n Феникс
|d 2002
|p 576 с.
|a Лачин, Вячеслав Иванович
|
| 451 |
|
1 |
|0 (RuTPU)RU\TPU\book\31473
|y 5-222-00998-X
|t Электроника
|o учебное пособие
|f В. И. Лачин, Н. С. Савелов
|c Ростов-на-Дону
|n Феникс
|d 2000
|p 448 с.
|s Для студентов вузов
|a Лачин, В. И.
|
| 610 |
1 |
|
|a электроника
|
| 610 |
1 |
|
|a полупроводниковые приборы
|
| 610 |
1 |
|
|a аналоговая электроника
|
| 610 |
1 |
|
|a цифровая электроника
|
| 610 |
1 |
|
|a приборы
|
| 610 |
1 |
|
|a характеристика
|
| 610 |
1 |
|
|a параметры
|
| 610 |
1 |
|
|a физические явления
|
| 610 |
1 |
|
|a математическое моделирование
|
| 610 |
1 |
|
|a учебные пособия
|
| 675 |
|
|
|a 621.38(075.8)
|v 3
|
| 700 |
|
1 |
|a Лачин
|b В. И.
|
| 701 |
|
1 |
|a Савелов
|b Н. С.
|
| 801 |
|
0 |
|a RU
|b 63413507
|c 20011209
|g PSBO
|
| 801 |
|
2 |
|a RU
|b 63413507
|c 20211206
|g PSBO
|
| 900 |
|
|
|a Электроника
|
| 942 |
|
|
|c BK
|